| 000 | 00410nam a2200169Ia 4500 | ||
|---|---|---|---|
| 001 | 8757 | ||
| 008 | 140325s9999 xx 000 0 und d | ||
| 020 | _a0-06-064926-7 | ||
| 040 | _cPK-LaUMT | ||
| 082 |
_a 220 _bHOL- |
||
| 100 | _aLamsa, George M., Tr. | ||
| 245 |
_aHoly Bible : From the ancient Eastern text _cLamsa, George M., Tr. |
||
| 260 | _c1939 | ||
| 300 | _a1243 p. | ||
| 546 | _aEN | ||
| 942 | _cBK | ||
| 999 |
_c10017 _d10017 |
||